Normal view MARC view
  • King, Timothy

Entry Personal Name

Number of records used in: 1

001 - CONTROL NUMBER

  • control field: 2941

003 - CONTROL NUMBER IDENTIFIER

  • control field: OSt

005 - DATE AND TIME OF LATEST TRANSACTION

  • control field: 20170509160441.0

008 - FIXED-LENGTH DATA ELEMENTS

  • fixed length control field: 170509|| aca||aabn | a|a d

040 ## - CATALOGING SOURCE

  • Original cataloging agency: OSt
  • Transcribing agency: OSt

100 ## - HEADING--PERSONAL NAME

  • Personal name: King, Timothy

670 ## - SOURCE DATA FOUND

  • Source citation: Work cat.: (OSt)0: Issues in rural development in Malaysia /, 1992
Pusat Sumber Maklumat Dato' Haji Sarmin Md Hussin, Akademi Kastam Diraja Malaysia, Melaka
Tel: 06-2331106 | Faks: 06-2313787